书目信息 |
| 题名: |
邓小平的实在话
|
|
| 作者: | 陶永祥 , 王朝祥 主编 | |
| 分册: | ||
| 出版信息: | 北京 华文出版社 2006 |
|
| 页数: | 341页 | |
| 开本: | 21cm | |
| 丛书名: | ||
| 单 册: | ||
| 中图分类: | A849.18 | |
| 科图分类: | ||
| 主题词: | ||
| 电子资源: | ||
| ISBN: | 7-5075-1964-3 | |
| 000 | 00901nam0 2200241 450 | |
| 001 | 003064016 | |
| 005 | 20070108162402.81 | |
| 010 | @a7-5075-1964-3@dCNY20.00 | |
| 100 | @a20060104d2006 em y0chiy0110 ea | |
| 101 | 0 | @achi |
| 102 | @aCN@b110000 | |
| 105 | @ay z 000yy | |
| 200 | 1 | @a邓小平的实在话@9deng xiao ping de shi zai hua@f陶永祥,王朝祥主编 |
| 210 | @a北京@c华文出版社@c中央文献出版社@d2006 | |
| 215 | @a341页@d21cm | |
| 330 | @a本书从已公开发表的邓小平著作及有关资料中,摘选出他在不同历史时期,针对思想方法、政治、经济、军事、外交、文化教育、品德修养等多个方面所讲的“实在话”,发掘其深刻的思想内涵和对现实的指导意义。 | |
| 600 | 0 | @a邓小平@f(1904~1997)@x语录@x研究 |
| 600 | 0 | @a邓小平@f(1904~1997) |
| 690 | @aA849.18@v4 | |
| 701 | 0 | @a陶永祥@9tao yong xiang@c(编辑)@4主编 |
| 701 | 0 | @a王朝祥@9wang chao xiang@4主编 |
| 801 | 0 | @aCN@bNLC@c20070108 |
| 905 | @a10447@dA849.18@e33 | |
| 邓小平的实在话/陶永祥,王朝祥主编.-北京:华文出版社:中央文献出版社,2006 |
| 341页;21cm |
| ISBN 7-5075-1964-3:CNY20.00 |
| 本书从已公开发表的邓小平著作及有关资料中,摘选出他在不同历史时期,针对思想方法、政治、经济、军事、外交、文化教育、品德修养等多个方面所讲的“实在话”,发掘其深刻的思想内涵和对现实的指导意义。 |
| ● |
| 相关链接 |
|
|
|
|
正题名:邓小平的实在话
索取号:A849.18/33
 
预约/预借
| 序号 | 登录号 | 条形码 | 馆藏地/架位号 | 状态 | 备注 |
| 1 | 0390965 | 203909654 | 第一样本阅览室/ [索取号:A849.18/33] | 在馆 | |
| 2 | 0390966 | 203909663 | 第一借阅区/ [索取号:A849.18/33] | 在馆 | |
| 3 | 0390967 | 203909672 | 第一借阅区/ [索取号:A849.18/33] | 在馆 | |
| 4 | 0390968 | 203909681 | 第一借阅区/ [索取号:A849.18/33] | 在馆 | |
| 5 | 0390969 | 203909690 | 第一借阅区/ [索取号:A849.18/33] | 在馆 | |
| 6 | 0608925 | 206089258 | 第一借阅区/ [索取号:A849.18/33] | 在馆 | |
| 7 | 0608926 | 206089267 | 第一借阅区/ [索取号:A849.18/33] | 在馆 | |
| 8 | 0608927 | 206089276 | 第一借阅区/ [索取号:A849.18/33] | 在馆 | |
| 9 | 0608928 | 206089285 | 第一借阅区/ [索取号:A849.18/33] | 在馆 | |
| 10 | 0608929 | 206089294 | 第一借阅区/ [索取号:A849.18/33] | 在馆 |